[Event "Chigorin Memorial 27th"]
[Site "St Petersburg"]
[Date "2019.10.07"]
[Round "3"]
[White "Reger, Valeriia"]
[Black "Zakharova, Viktoriya"]
[Result "1-0"]
[WhiteElo "1599"]
[BlackElo "1939"]
[PlyCount "57"]
[EventDate "2019.10.05"]
[EventType "swiss"]
[EventRounds "9"]
[EventCountry "RUS"]
[SourceTitle "EXT 2020"]
[Source "ChessBase"]
[SourceDate "2019.10.17"]
[SourceVersion "1"]
[SourceVersionDate "2019.10.17"]
[SourceQuality "1"]

1. d4 Nf6 2. c4 e6 3. Nf3 b6 4. g3 Ba6 5. Qc2 Bb7 6. Nc3 d5 7. Bg2 a6 8. Ne5 Bd6 9. 0-0 0-0 10. Bf4 Qe7 11. Rfe1 c5 12. dxc5 bxc5 13. Qb3 Nc6 14. Nxc6 Bxc6 15. cxd5 Rab8 16. Qa3 exd5 17. Bxd6 Qxd6 18. e4 dxe4 19. Nxe4 Bxe4 20. Bxe4 Qd4 21. Rad1 Qxb2 22. Qxa6 Qb4 23. Bd3 Rfd8 24. Qc4 Kf8 25. Rb1 Qa5 26. Rec1 Rxb1 27. Rxb1 Qc7 28. Rc1 Rd4 29. Qxd4 1-0

[Event "RUS-chT (Women)"]
[Site "Sochi"]
[Date "2019.05.07"]
[Round "6.2"]
[White "Zakharova, Viktoriya"]
[Black "Nikitina, Elena"]
[Result "0-1"]
[WhiteElo "1926"]
[BlackElo "2037"]
[PlyCount "102"]
[EventDate "2019.05.01"]
[EventType "team-swiss"]
[EventRounds "9"]
[EventCountry "RUS"]
[SourceTitle "CBM 190 Extra"]
[Source "ChessBase"]
[SourceDate "2019.07.15"]
[SourceVersion "1"]
[SourceVersionDate "2019.07.15"]
[SourceQuality "1"]
[WhiteTeam "Altai Territory (W)"]
[BlackTeam "Bashkortostan Tolpar (W)"]
[WhiteTeamCountry "RUS"]
[BlackTeamCountry "RUS"]

1. e4 c5 2. Nf3 d6 3. Bb5+ Bd7 4. Bxd7+ Nxd7 5. 0-0 Ngf6 6. Qe2 e6 7. c3 Qc7 8. d4 Be7 9. Rd1 h6 10. Na3 a6 11. e5 dxe5 12. dxe5 Nd5 13. Nc4 b5 14. Ncd2 c4 15. Nf1 0-0 16. Rxd5 exd5 17. Ne3 Nc5 18. Nxd5 Qb7 19. Nxe7+ Qxe7 20. Nd4 Nd3 21. f4 f6 22. e6 f5 23. Be3 Nc5 24. Re1 Rae8 25. g4 Nd3 26. Rf1 g6 27. gxf5 gxf5 28. Qh5 Qf6 29. Rf3 Kh7 30. Rg3 Rg8 31. Nxf5 Rxg3+ 32. hxg3 Rxe6 33. Nxh6 Qg6 34. Qxg6+ Rxg6 35. Nf5 Nxb2 36. Kg2 a5 37. Nd4 b4 38. cxb4 axb4 39. f5 Ra6 40. Kf3 Rxa2 41. g4 c3 42. g5 Nc4 43. g6+ Kg8 44. f6 Ne5+ 45. Ke4 Nxg6 46. Kd3 Ne5+ 47. Ke4 Nc4 48. Bg5 Rg2 49. Kf5 Nd6+ 50. Ke6 Rxg5 51. Kxd6 Kf7 0-1

[Event "RUS-chT (Women)"]
[Site "Sochi"]
[Date "2019.05.04"]
[Round "4.2"]
[White "Zakharova, Viktoriya"]
[Black "Mukhina, Jana"]
[Result "0-1"]
[WhiteElo "1926"]
[BlackElo "2098"]
[PlyCount "58"]
[EventDate "2019.05.01"]
[EventType "team-swiss"]
[EventRounds "9"]
[EventCountry "RUS"]
[SourceTitle "CBM 190 Extra"]
[Source "ChessBase"]
[SourceDate "2019.07.15"]
[SourceVersion "1"]
[SourceVersionDate "2019.07.15"]
[SourceQuality "1"]
[WhiteTeam "Altai Territory (W)"]
[BlackTeam "Cheliabinsk Yuzhnyy Ural (W)"]
[WhiteTeamCountry "RUS"]
[BlackTeamCountry "RUS"]

1. e4 e5 2. Nf3 Nc6 3. Bb5 a6 4. Ba4 Nf6 5. d3 d6 6. c3 Bd7 7. h3 g6 8. Be3 Bg7 9. Bb3 0-0 10. a4 Be6 11. Bc2 d5 12. 0-0 h6 13. Nh2 Qe7 14. Qe2 Rad8 15. Bd2 b5 16. axb5 axb5 17. Re1 d4 18. Ra6 Qc5 19. b4 Nxb4 20. cxb4 Qxc2 21. Rc1 Qb3 22. Ra3 Qb2 23. Ra7 Ra8 24. Ra5 Rxa5 25. bxa5 c5 26. Qe1 Rc8 27. Nf3 Ne8 28. a6 Qa2 29. Ba5 b4 0-1

[Event "RUS-chT (Women)"]
[Site "Sochi"]
[Date "2019.05.02"]
[Round "2.2"]
[White "Zakharova, Viktoriya"]
[Black "Smirnova, Ekaterina"]
[Result "0-1"]
[WhiteElo "1926"]
[BlackElo "2204"]
[PlyCount "132"]
[EventDate "2019.05.01"]
[EventType "team-swiss"]
[EventRounds "9"]
[EventCountry "RUS"]
[SourceTitle "CBM 190 Extra"]
[Source "ChessBase"]
[SourceDate "2019.07.15"]
[SourceVersion "1"]
[SourceVersionDate "2019.07.15"]
[SourceQuality "1"]
[WhiteTeam "Altai Territory (W)"]
[BlackTeam "Moscow Devyataya Gorizontal (W)"]
[WhiteTeamCountry "RUS"]
[BlackTeamCountry "RUS"]

1. e4 e6 2. d4 d5 3. Nc3 Bb4 4. e5 c5 5. a3 Bxc3+ 6. bxc3 Qc7 7. Nf3 Ne7 8. Be2 b6 9. a4 0-0 10. 0-0 cxd4 11. cxd4 Ba6 12. Bd3 Bxd3 13. Qxd3 Rc8 14. Ba3 Ng6 15. Nd2 Qc3 16. Qxc3 Rxc3 17. Rfc1 Na6 18. Bb2 Rc7 19. Ba3 Rac8 20. Ra2 Nf4 21. Kf1 Nd3 22. cxd3 Rxc1+ 23. Bxc1 Rxc1+ 24. Ke2 Nb4 25. Rb2 Re1+ 26. Kf3 a5 27. Nb1 f6 28. exf6 gxf6 29. Nc3 Kf7 30. Na2 Nxa2 31. Rxa2 Rb1 32. Ke3 Rb4 33. f4 h5 34. g3 Kg6 35. h3 Kf5 36. Ra3 Kg6 37. Ra2 h4 38. g4 Rb1 39. Kf2 Rh1 40. Kg2 Rd1 41. Ra3 Rd2+ 42. Kg1 Rb2 43. Rc3 Rb4 44. Rc6 Rxd4 45. Rxe6 Rxf4 46. Rxb6 Rxa4 47. Rb5 Rd4 48. Rxa5 Rxd3 49. Kh2 Kg5 50. Ra2 d4 51. Rf2 Re3 52. Rf5+ Kg6 53. Rd5 d3 54. Kg2 Kf7 55. Kf2 Rxh3 56. g5 fxg5 57. Rxg5 Kf6 58. Rh5 Ke6 59. Rh8 Ke5 60. Kg2 Re3 61. Kf2 Re4 62. Kf3 Rd4 63. Re8+ Kd6 64. Rd8+ Kc5 65. Rc8+ Kb4 66. Rb8+ Kc3 0-1

[Event "Novokuznetsk SFO-ch U19 Girls"]
[Site "Novokuznetsk"]
[Date "2014.11.02"]
[Round "1"]
[White "Rodionova, Daria"]
[Black "Zakharova, Viktoriya"]
[Result "1/2-1/2"]
[WhiteElo "2093"]
[BlackElo "1846"]
[PlyCount "100"]
[EventDate "2014.11.02"]
[EventType "swiss"]
[EventRounds "9"]
[EventCountry "RUS"]
[SourceTitle "CBM 163 Extra"]
[Source "ChessBase"]
[SourceDate "2014.12.23"]
[SourceVersion "1"]
[SourceVersionDate "2014.12.23"]
[SourceQuality "1"]

1. e4 c5 2. Nf3 e6 3. d4 cxd4 4. Nxd4 Nc6 5. Nc3 Nf6 6. Be3 Bb4 7. f3 0-0 8. Qd2 d5 9. a3 Qa5 10. Nb3 Bxc3 11. Nxa5 Bxd2+ 12. Bxd2 dxe4 13. 0-0-0 exf3 14. Nxc6 bxc6 15. gxf3 Bb7 16. Rg1 g6 17. Be2 Nd5 18. c4 Nb6 19. Bc3 f6 20. Rd6 e5 21. Rgd1 c5 22. h4 Rae8 23. h5 Kg7 24. b3 Rf7 25. a4 Nc8 26. Rd7 Bc6 27. Rxf7+ Kxf7 28. Bb2 Nb6 29. a5 Nd7 30. Kd2 Nf8 31. Ke3 Rb8 32. Rd3 Ne6 33. Bd1 Nf4 34. hxg6+ hxg6 35. Rd6 Rc8 36. Ba3 Ne6 37. Rd2 f5 38. Bb2 Nd4 39. Rh2 Kg7 40. Rg2 Rh8 41. b4 Rh1 42. Rd2 Rh3 43. bxc5 Nxf3 44. Bxf3 Rxf3+ 45. Ke2 Rh3 46. Bxe5+ Kf7 47. Rd6 Rh4 48. Rf6+ Ke7 49. Rxc6 Re4+ 50. Kf3 Rxe5 1/2-1/2

[Event "Sibiria Region-ch (Women)"]
[Site "Prokopevsk"]
[Date "2012.03.14"]
[Round "3"]
[White "Rodionova, Daria"]
[Black "Zakharova, Viktoriya"]
[Result "1-0"]
[WhiteElo "1987"]
[BlackElo "1781"]
[PlyCount "77"]
[EventDate "2012.03.12"]
[EventType "swiss"]
[EventRounds "9"]
[EventCountry "RUS"]
[SourceTitle "EXT 2013"]
[Source "ChessBase"]
[SourceDate "2012.11.22"]
[SourceVersion "1"]
[SourceVersionDate "2012.11.22"]
[SourceQuality "1"]

1. e4 c5 2. Nf3 Nc6 3. d4 cxd4 4. Nxd4 Nf6 5. Nc3 e5 6. Ndb5 d6 7. Bg5 a6 8. Na3 b5 9. Nd5 Be7 10. Bxf6 Bxf6 11. c3 Bg5 12. Nc2 Ne7 13. a4 bxa4 14. Bc4 Bd7 15. 0-0 Bb5 16. Qd3 Rb8 17. Rfd1 0-0 18. Nde3 Rb6 19. g3 g6 20. h4 Bf6 21. Nb4 Bg7 22. Nxa6 Bxc4 23. Qxc4 Rxb2 24. Qxa4 Nc8 25. Nb4 f5 26. Qa3 Re2 27. Kf1 Rxe3 28. fxe3 fxe4+ 29. Kg2 g5 30. h5 Rf3 31. Nd5 Qd7 32. Qa8 Kf7 33. Qa2 Kf8 34. Qe2 Qg4 35. Qe1 Kf7 36. Rab1 Bf8 37. Rb7+ Ke8 38. Rdb1 Qe6 39. Nc7+ 1-0